Carlo Ancelotti's Bayern Munich - Statistics

General Stats
  • This quiz has been taken 27 times
  • The average score is 22 of 28
Answer Stats
Rank Player Position Nationality Matches Goals Assists % Correct
3 David Alaba Centre-Back 51 5 7
100%
15 Kingsley Coman Left Winger 35 3 2
96%
1 Robert Lewandowski Centre-Forward 57 54 15
96%
2 Thomas Müller Second Striker 52 10 19
96%
8 Arjen Robben Right Winger 45 18 15
92%
6 Arturo Vidal Central Midfield 49 10 4
92%
11 Franck Ribéry Left Winger 40 6 18
92%
10 Javi Martínez Centre-Back 42 2 1
92%
19 Jérôme Boateng Centre-Back 24 0 2
92%
5 Joshua Kimmich Defensive Midfield 50 10 7
92%
9 Manuel Neuer Goalkeeper 44 0 0
92%
4 Mats Hummels Centre-Back 50 4 3
92%
12 Philipp Lahm Right-Back 38 2 3
92%
14 Rafinha Right-Back 36 1 4
88%
20 Sven Ulreich Goalkeeper 13 0 0
88%
7 Thiago Alcántara Central Midfield 47 10 9
88%
13 Xabi Alonso Defensive Midfield 38 3 4
88%
21 Corentin Tolisso Central Midfield 9 1 2
85%
16 Douglas Costa Right Winger 34 7 9
85%
24 James Rodríguez Attacking Midfield 5 1 1
85%
18 Juan Bernat Left-Back 25 4 3
85%
17 Renato Sanches Central Midfield 26 0 0
73%
23 Niklas Süle Centre-Back 8 1 0
62%
25 Tom Starke Goalkeeper 3 0 0
42%
26 Holger Badstuber Centre-Back 3 0 0
35%
22 Sebastian Rudy Defensive Midfield 9 0 1
35%
27 Julian Green Central Midfield 2 1 0
31%
28 Fabian Benko Left Winger 1 0 0
19%
No matching quizzes found
Score Distribution
Percent of People with Each Score
Percentile by Number Answered
Your Score History
You have not taken this quiz